00681nam a2200241 a 4500001001300000003000900013005001700022008004100039020000900080082001800089100001800107245002200125260004000147300000900187500003500196505002800231650001600259700001800275902000800293942000700301952011600308999001500424nice12345678IN_TiNIC20260116011737.0050524s1978 hyda grp 000 0 urd  ac1200a891.4391bAKH aAkhtar, Ahmed aGulistan-E-Akhtar aHyderabadbHussami Book Depotc1978 a128p aincludes index and biblioraphy2 astudies in islam series aUrdu-Poetry1 aAkhtar, Ahmed bSRS cBK 001040708StackRoom-aHMIbHMId2007-06-22g12.00l0o891.4391 AKHp09203r2007-06-22v12.00w2005-05-24yBK c3633d3633